|
|
|
|
| LEADER |
02157nam a2200421 a 4500 |
| 001 |
EBC744860 |
| 003 |
MiAaPQ |
| 005 |
20200520144314.0 |
| 006 |
m o d | |
| 007 |
cr cn||||||||| |
| 008 |
110422s2011 cauab sb 001 0 eng d |
| 010 |
|
|
|z 2011017098
|
| 020 |
|
|
|z 9780804770835
|
| 020 |
|
|
|a 9780804781794 (electronic bk.)
|
| 035 |
|
|
|a (MiAaPQ)EBC744860
|
| 035 |
|
|
|a (Au-PeEL)EBL744860
|
| 035 |
|
|
|a (CaPaEBR)ebr10493934
|
| 035 |
|
|
|a (OCoLC)755632459
|
| 040 |
|
|
|a MiAaPQ
|c MiAaPQ
|d MiAaPQ
|
| 043 |
|
|
|a as-----
|
| 050 |
|
4 |
|a HC441
|b .K755 2011
|
| 082 |
0 |
4 |
|a 338.959
|2 22
|
| 100 |
1 |
|
|a Kuhonta, Erik Martinez,
|d 1973-
|
| 245 |
1 |
4 |
|a The institutional imperative
|h [electronic resource] :
|b the politics of equitable development in Southeast Asia /
|c Erik Martinez Kuhonta.
|
| 260 |
|
|
|a Stanford, Calif. :
|b Stanford University Press,
|c 2011.
|
| 300 |
|
|
|a xxii, 342 p. :
|b ill., maps.
|
| 490 |
1 |
|
|a Studies of the Walter H. Shorenstein Asia-Pacific Research Center
|
| 504 |
|
|
|a Includes bibliographical references and index.
|
| 505 |
0 |
|
|a pt. 1. Introduction and theory: Introduction ; Institutions and social reform ; pt. 2. Politics of equitable development in Malaysia: From colonialism to independence : a festering crisis ; Reforming state, party, and economy -- pt. 3. Politics of equitable development in Thailand: The bureaucratic polity ascendant and the failure of reform ; Growth without equity -- pt. 4. Extensions and conclusions: Extending the theoretical argument : the Philippines and Vietnam ; Conclusion.
|
| 533 |
|
|
|a Electronic reproduction. Ann Arbor, MI : ProQuest, 2015. Available via World Wide Web. Access may be limited to ProQuest affiliated libraries.
|
| 650 |
|
0 |
|a Economic development
|z Southeast Asia.
|
| 651 |
|
0 |
|a Southeast Asia
|x Economic policy.
|
| 651 |
|
0 |
|a Southeast Asia
|x Social policy.
|
| 651 |
|
0 |
|a Southeast Asia
|x Politics and government.
|
| 655 |
|
4 |
|a Electronic books.
|
| 710 |
2 |
|
|a ProQuest (Firm)
|
| 830 |
|
0 |
|a Studies of the Walter H. Shorenstein Asia-Pacific Research Center.
|
| 856 |
4 |
0 |
|u https://ebookcentral.proquest.com/lib/matrademy/detail.action?docID=744860
|z Click to View
|